00409nam a2200133Ia 4500008004100000082001000041245003700051250000600088260006100094300000700155630003700162700003900199730003700238090123s9999 xx 000 0 und d b29468 aकोण कसा जगतो a1 bमराठे पब्लिशिंग हाऊस a16 aकोण कसा जगतो aहवालदार अनिल aकोण कसा जगतो